Amplificadores operacionales : teoría y sus aplicaciones
Uloženo v:
| Hlavní autor: | |
|---|---|
| Další autoři: | |
| Médium: | Kniha |
| Jazyk: | Spanish |
| Vydáno: |
México : McGraw-Hill
1988.
|
| Edice: | Serie de circuitos integrados
|
| Témata: | |
| Tagy: |
Přidat tag
Žádné tagy, Buďte první, kdo vytvoří štítek k tomuto záznamu!
|
MARC
| LEADER | 00000nam a2200000Ia 4500 | ||
|---|---|---|---|
| 003 | 000503 | ||
| 005 | 20221231144010.0 | ||
| 008 | 140114s1988 mx a 000 ||spa d | ||
| 040 | |c cru CEDI | ||
| 082 | |a 621.395 W735a | ||
| 100 | |a Williams, Arthur B. |9 19060 | ||
| 245 | |a Amplificadores operacionales : teoría y sus aplicaciones | ||
| 260 | |a México : McGraw-Hill |c 1988. | ||
| 300 | |a xiv; 172 páginas : ilustraciones | ||
| 440 | |a Serie de circuitos integrados |9 19062 | ||
| 500 | |a Traducido de: Designer’s handbook of integrated circuits. | ||
| 650 | |x AMPLIFICADORES OPERACIONALES |9 3866 | ||
| 700 | |9 19061 |a Méndez Chamorro, Alexis | ||
| 942 | |2 ddc |c BK | ||
| 999 | |c 15399 |d 15399 | ||
